000 00718nam a2200229 i 4500
003 DO-SdBNP
005 20260204083036.0
007 ta
008 260204b2000 dr a|||| |||| 00| 0 spa d
040 _aDO-SdBNP
_bspa
_cBNPHU
_erda
041 _aspa
082 4 _axxx
_bxxx
_222
245 0 4 _aLos foros del segundo festival internacional de teatro iberoamericano
264 4 _aSanto Domingo, República Dominicana :
_bTeatro Nacional de Santo Domingo,
_c©200.
300 _a135 páginas :
_bilustraciones ;
_c31 cm.
336 _atexto
_btxt
_2rdacontent
337 _asin mediación
_bn
_2rdamedia
338 _avolumen
_bnc
_2rdacarrier
590 _aInventariado, 2026/BT
910 _aBtavárez
942 _2ddc
_cLBS1
999 _c60205
_d60205